| 000 | 01241nam a2200325Ia 4500 | ||
|---|---|---|---|
| 001 | ebr10082134 | ||
| 003 | CaPaEBR | ||
| 006 | m u | ||
| 007 | cr cn||||||||| | ||
| 008 | 030923s2003 enk s 000 0 eng d | ||
| 015 | _aGBA3-U2752 | ||
| 020 | _z0719067219 | ||
| 040 |
_aCaPaEBR _cCaPaEBR |
||
| 035 | _a(OCoLC)191929636 | ||
| 050 | 1 | 4 |
_aJN900 _b.W38 2003eb |
| 082 | 0 | 4 |
_a320.941 _221 |
| 100 | 1 | _aWatts, Duncan. | |
| 245 | 1 | 0 |
_aUnderstanding US/UK government and politics _h[electronic resource] : _ba comparative guide / _cDuncan Watts. |
| 260 |
_aManchester : _bManchester University Press, _c2003. |
||
| 300 | _avii, 333 p. | ||
| 490 | 1 | _aUnderstanding politics | |
| 533 |
_aElectronic reproduction. _bPalo Alto, Calif. : _cebrary, _d2009. _nAvailable via World Wide Web. _nAccess may be limited to ebrary affiliated libraries. |
||
| 650 | 0 | _aPolitics, Practical. | |
| 651 | 0 |
_aGreat Britain _xPolitics and government. |
|
| 651 | 0 |
_aUnited States _xPolitics and government. |
|
| 655 | 7 |
_aElectronic books. _2local |
|
| 710 | 2 | _aebrary, Inc. | |
| 830 | 0 | _aUnderstanding politics. | |
| 856 | 4 | 0 |
_uhttp://site.ebrary.com/lib/rucke/Doc?id=10082134 _zAn electronic book accessible through the World Wide Web; click to view |
| 999 |
_c55272 _d55272 |
||